000 00389cam a2200157ua 4500
041 _aeng
_h
082 _a808.53
_bCUT/SP
100 _aCutts, Leonard .
245 _aSpeaker and debater /
_cLeonard Cutts.
_hTextual Documents
250 _a1 /
_b.
260 _aLondon :
_bEnglish Universities Press ,
_c1964.
300 _a191 ; .
504 _a
942 _cBK
999 _c6910
_d6910